Entwurf des ungarischen Erbrechts

Elmentve itt :
Bibliográfiai részletek
Szerzők: Teleszky Stefan
Kern Theodor
Dokumentumtípus: Cikk
Megjelent: 1887
Sorozat:Kolligátum
Kulcsszavak:Öröklés és örökösödés - Magyarország, Inheritance and succession
Online Access:http://misc.bibl.u-szeged.hu/22983
LEADER 00619nab a2200181 i 4500
001 misc22983
005 20191111110646.0
008 170828s1887 hu o 0|| zxx d
040 |a SZTE Miscellanea Repozitórium  |b hun 
041 |a zxx 
100 1 |a Teleszky Stefan 
245 1 0 |a Entwurf des ungarischen Erbrechts  |h [elektronikus dokumentum] /  |c  Teleszky Stefan 
260 |c 1887 
300 |a 1-66 
490 0 |a Kolligátum 
695 |a Öröklés és örökösödés - Magyarország, Inheritance and succession 
700 0 1 |a Kern Theodor  |e aut 
856 4 0 |u http://misc.bibl.u-szeged.hu/22983/1/29587_001-066.pdf  |z Dokumentum-elérés